| 000 | 00579nam a2200193Ia 4500 | ||
|---|---|---|---|
| 008 | 131103s9999 xx 000 0 und d | ||
| 020 | _a710813368 | ||
| 040 | _aLoreto College | ||
| 041 | _aEnglish | ||
| 082 |
_aT _b#NAME? |
||
| 100 | _aTrodd,Anthea | ||
| 245 | 2 |
_aA Reader's guide to Edwardian literature _cAnthea Trodd |
|
| 260 |
_aNew York _bHarvester Wheatsheaf _c1991 |
||
| 300 |
_avi,143 p. _c 21 x 30 cm. |
||
| 504 | _aIncludes bibliographical references and index | ||
| 650 | _aEnglish Literature, 1900 - 1945 - Critical Studies | ||
| 850 | _aLCLIB | ||
| 942 | _cBK | ||
| 999 |
_c13360 _d63839 |
||